Statistics for DC Comics name quiz

Click here to take the quiz!

General Stats

  • This quiz has been taken 31 times
  • The average score is 24 of 40

Answer Stats

HintAnswer% Correct
Bruce WayneBatman
100%
Clark KentSuperman
100%
Edward NigmaRiddler
89%
Selina KyleCatwoman
86%
Oliver QueenGreen Arrow
86%
Oswald CopplepotPenguin
86%
Slade WilsonDeathstroke
82%
Pamela IsleyPoison Ivy
82%
Arthur CurryAquaman
79%
Victor StoneCyborg
79%
Jay GarrickFlash
79%
Jack NapierJoker
79%
Billy BatsonShazam
79%
Jaime ReyesBlue Beetle
75%
Garfield LoganBeast Boy
71%
Victor FriesMister Freeze
71%
Roy HarperRed Arrow
71%
Kate KaneBatwoman
68%
Jessica CruzGreen Lantern
68%
Kyle RaynerGreen Lantern
68%
Laurel LanceBlack Canary
64%
Teth-AdamBlack Adam
57%
Carrie KelleyRobin
57%
Leonard SnartCaptain Cold
54%
Floyd LawtonDeadshot
54%
Kent NelsonDoctor Fate
54%
Rachel RothRaven
54%
Ronald RaymondFirestorm
50%
Cisco RamonVibe
50%
Ralph DibnyElongated Man
46%
Kirk LangstromMan-Bat
46%
Sarah LanceWhite Canary
46%
Tommy ElliotHush
39%
UxasDarkseid
36%
William TockmanClock King
29%
Boston BrandDeadman
29%
Alec HollandSwamp Thing
25%
Ray TerrillRay
21%
Adrian VeidtOzymandias
18%
Walter KovacsRorschach
11%

Score Distribution

Percentile by Number Answered

Percent of People with Each Score

Your Score History

You have not taken this quiz